000 00420nam a22001577a 4500
999 _c2214
_d2214
008 200217b ||||| |||| 00| 0 eng d
082 0 0 _a628.8
_bB87717
100 _91557
_aBrown, Samuel P.
245 1 0 _aAir conditioning and elements of refrigeration
_cby Samuel P Brown
250 _a1st
260 _aNew York
_bMcGraw-Hill
_c1947
300 _aix,644p.
365 _d29.04
650 0 _aAir Conditioning
942 _cBK